[Event "U.S. Championship 2023"]
[Site "St Louis"]
[Date "2023.10.16"]
[Round "9"]
[White "Dominguez Perez, Leinier"]
[Black "Tang, Andrew"]
[Result "1-0"]
[WhiteElo "2745"]
[BlackElo "2496"]
[EventDate "2023.??.??"]
[Annotator "Bojkov,Dejan"]
[PlyCount "76"]
[Beauty "7767985241117"]
[EventCountry "USA"]

{[%evp 0,76,31,36,67,61,69,64,87,59,54,48,45,40,29,51,60,44,41,34,62,51,55,41,67,54,84,54,87,97,87,45,46,58,84,61,56,57,58,58,75,50,71,47,116,47,50,42,40,42,66,49,89,48,107,118,98,98,128,90,127,108,105,100,251,251,251,260,313,226,226,226,308,308,308,308,308,308,322]} 
1.e4 d6 2.d4 Nf6 3.Nc3 e5 {Tang decided to surprise his well-prepared opponent and deviated from his usual open games.} 4.Nf3 Nbd7 5.Bc4 Be7 {\"The Philidor was a surprise, but not a very unpleasant one, because White gets a nice position most of the time.\" (Dominguez)} 6.a4 O-O 7.O-O c6 8.Re1 h6 {A relatively rare continuation.} ( {Both} 8...a5 $5 {[%c_effect a5;square;a5;type;Interesting;persistent;true]} ) ( {and} 8...b6 {are more common, and give more chances for Black.} ) 9.a5 $1 {[%c_effect a5;square;a5;type;GreatFind;persistent;true] Whenever possible, White should grab as much space as he can on the queenside. This move not only deprives the black queen of active posts on the queenside, it prepares a timely destruction of the opponent's pawn chain.} 9...Qc7 ( {Rapport decided to save on this move against Duda and went directly for:} 9...Re8 10.h3 exd4 11.Qxd4 Ne5 12.Be2 Ng6 13.Be3 Bf8 14.b4 Qc7 15.b5 Be6 16.a6 {with very sharp play, Duda,J (2732)-Rapport,R (2752) Berlin 2023} ) 10.h3 Re8 11.Ba2 {Both sides are making useful moves, with the bishop moving away from a possible d6-d5 and/or Nd7-e5.} 11...Bf8 {This one is perhaps not as useful, as Black may need the f8-square for the rook at some point.} ( {As in the line} 11...Rb8 $5 {[%c_effect b8;square;b8;type;Interesting;persistent;true]} 12.Be3 b5 13.axb6 axb6 14.d5 cxd5 15.Nxd5 Nxd5 16.Qxd5 Rf8 $1 {[%c_effect f8;square;f8;type;GreatFind;persistent;true]} ) 12.Bd2 $146 {A careful move, and a novelty.} ( {The predecessor game saw White trying to capitalize on the weakened d8-h4 diagonal with the direct:} 12.Nh4 {but after} 12...exd4 13.Qxd4 {Black missed the strong} 13...d5 $1 {[%c_effect d5;square;d5;type;GreatFind;persistent;true]} ( {Instead} 13...Nc5 14.Bf4 Ne6 15.Bxe6 Bxe6 16.e5 {gave White some pressure, Slizhevsky,A (2426)-Petrova,I (2087) Chess.com INT 2020} ) ) ( {The more natural move} 12.Be3 {was completely possible, to which Black likely intended} 12...exd4 13.Bxd4 Ne5 ) 12...Rb8 13.d5 {The pawn structure now changes and it will look more like a Najdorf/Ruy Lopez Yates line than anything else.} 13...b5 ( {Somewhat more cautious was} 13...cxd5 14.Nxd5 Nxd5 15.Bxd5 {avoiding the creation of extra queenside weaknesses for the time being.} ) 14.dxc6 Qxc6 {Dominguez was happy with the outcome of the game, which he considered advantageous and risk-free.} 15.Nh2 ( {White also considered the restricting move} 15.b4 $5 {[%c_effect b4;square;b4;type;Interesting;persistent;true] which would have deprived the black Nd7 of any squares, but then decided that the b5-b4 advance is nothing to be afraid of.} ) 15...Bb7 ( {The immediate} 15...b4 {was also possible, when the evaluation of the position does not change much after} 16.Nd5 Nxd5 17.Bxd5 Qc7 18.Qf3 ) 16.Ng4 b4 {The only active try.} 17.Nxf6+ {And Dominguez decided to play slowly.} ( {From afar White believed that in the line} 17.Nd5 Nxd5 18.Bxd5 Qc7 {he will have a decisive blow with} 19.Nxh6+ gxh6 20.Qg4+ {but once b5-b4 happened on the board, Dominguez realised that this line is not clear. For instance} 20...Kh8 21.Bxf7 Nf6 22.Qg6 Re7 $1 {[%c_effect e7;square;e7;type;GreatFind;persistent;true]} 23.Bb3 Bg7 24.Bxh6 Bxh6 25.Qxh6+ Nh7 {and Black defends.} ) 17...Nxf6 18.Nd5 Nxd5 19.Bxd5 Qc7 20.Bb3 $1 {[%c_effect b3;square;b3;type;GreatFind;persistent;true] An excellent move—this bishop is far superior to its counterpart. Actually, both white bishops are.} ( {White's advantage would have decreased in case of} 20.Bxb7 Qxb7 21.a6 Qc7 ) 20...Bc6 21.a6 Be7 {A blunder.} ( {Perhaps Tang had to try to free himself with d6-d5 with} 21...Red8 22.Qf3 Qd7 23.Be3 {True, White is still better here.} ) 22.Qh5 {And a miss.} ( 22.Qg4 $1 {[%c_effect g4;square;g4;type;GreatFind;persistent;true] instead would have put Black in an awkward situation. It's not clear how to defend against the simple threat of Bd2xh6 $1} 22...Kf8 23.Qf5 Bd8 24.Qh7 {looks winning for White.} ( {Or also} 24.Rad1 {with the idea of} 24...Kg8 25.Bxh6 $1 {[%c_effect h6;square;h6;type;GreatFind;persistent;true]} 25...gxh6 26.Qg6+ Kf8 27.Qxh6+ Ke7 28.Bxf7 $3 {[%c_effect f7;square;f7;type;Brilliant;persistent;true]} 28...Kxf7 29.Rxd6 {and a winning attack.} ) ) 22...Bf6 23.Be3 Red8 24.Qg4 Kf8 ( {More resilient was} 24...Qd7 $5 {[%c_effect d7;square;d7;type;Interesting;persistent;true]} 25.Qf3 Qe7 $5 {[%c_effect e7;square;e7;type;Interesting;persistent;true] intending to swap off the dark-squared bishops.} ) 25.Red1 {White's play is straightforward and strong—he simply aims at the weak points in the enemy camp.} 25...Bb5 ( {Here too} 25...Qd7 $5 {[%c_effect d7;square;d7;type;Interesting;persistent;true]} 26.Qf3 Qe7 {was better.} ) 26.Qf3 Bg5 {So finally Tang managed to swap off the weaker of his two bishops.} 27.Bxg5 hxg5 28.Qh5 {But this swap came at the price of a pawn.} 28...Bc4 ( 28...f6 $2 {[%c_effect f6;square;f6;type;Mistake;persistent;true]} 29.Qh8+ ) 29.Qxg5 Bxb3 30.cxb3 Qc2 {A desperate counterattack in time-trouble.} ( 30...Rb6 {should not have changed the outcome of the game.} ) 31.Qe3 Qxb2 32.Qxa7 Qxb3 {Tang restores the material balance.} 33.Rxd6 $1 {[%c_effect d6;square;d6;type;GreatFind;persistent;true] A simple trick, but effective.} 33...Rdc8 34.Qd7 ( 34.Rc6 $5 {[%c_effect c6;square;c6;type;Interesting;persistent;true] looked good too.} ) 34...Qc3 35.Rad1 b3 36.a7 Ra8 37.Qb7 Kg8 ( 37...b2 {changes nothing due to} 38.Rd7 ) 38.Rd7 Qc2 {And while making his last move, Black lost on time.} ( {Nevertheless, Black's position was plain lost, as after} 38...Qc4 39.Rb1 {he was dropping another pawn.} ) ( {Or} 38...Qc2 39.Rf1 Qc4 ( 39...Rf8 40.Rxf7 $1 {[%c_effect f7;square;f7;type;GreatFind;persistent;true]} ) 40.Rb1 {transposing to the line above.} ) 1-0

[Event "U.S. Championship 2023"]
[Site "St Louis"]
[Date "2023.10.16"]
[Round "10"]
[White "Tang, Andrew"]
[Black "Swiercz, Dariusz"]
[Result "1-0"]
[WhiteElo "2496"]
[BlackElo "2620"]
[EventDate "2023.??.??"]
[Annotator "Bojkov,Dejan"]
[PlyCount "113"]
[Beauty "6599619939369"]
[EventCountry "USA"]

{[%evp 0,113,32,33,41,22,13,13,83,4,13,15,14,12,19,-5,6,-2,-4,-16,-16,-4,-4,-1,-6,-12,-10,-2,-8,-22,-22,-34,-34,-35,-23,-23,-29,-25,-23,-23,-19,-25,-33,-42,-13,-27,-27,-30,-17,-18,-15,-28,-13,-39,-19,-61,-39,-52,-8,-8,-5,-4,0,-10,0,-20,-20,-12,-19,-8,36,52,52,-29,-28,0,0,0,67,128,158,48,135,134,126,141,141,154,180,66,61,39,58,0,22,9,17,586,652,645,688,720,1154,1206,1206,1228,1241,1241,29977,29978,29979,29980,29981,29982,29983,29984]} 
1.d4 e6 2.Bf4 c5 3.e3 Qb6 {As Tang explained in his short post-game interview, he does not have the time for extensive home preparation, and his openings are not as top-notch as those of his opponents. Therefore, he is only hoping to get \"a game\" out of the opening, not necessarily an advantage. Here too, as early as on move four, he is deep into the think tank, contemplating what his opponent might have prepared.} 4.b3 {That's what Black hopes for when hopping with the queen to b6—that White's queenside will be weakened.} ( {The main move nowadays is:} 4.Na3 {as played on a few occasions by Gata Kamsky, for example} 4...d5 5.Nb5 Na6 6.c3 Bd7 ( {And} 6...Nf6 7.a4 Be7 8.Nf3 O-O 9.Be2 Ne8 10.O-O Nd6 11.a5 {Kamsky,G (2657)-Nabaty,T (2645) Chess.com INT 2022} ) 7.a4 Nf6 8.Nf3 Be7 9.Ne5 O-O 10.Nxd7 Nxd7 11.Be2 Rfc8 12.O-O Nab8 13.a5 {Kamsky,G (2665) -Vallejo Pons,F (2712) Chess.com INT 2023} ) ( {Whereas the older move} 4.Nc3 {might also lead to fascinating postions, as this game proves.} 4...a6 5.a3 Nf6 6.Nf3 Nh5 7.dxc5 Bxc5 8.Na4 Qa5+ 9.c3 Be7 10.b4 Qd8 11.Bd6 b5 12.Nc5 Qb6 13.Bxe7 Kxe7 14.g4 {Jones,G (2683)-McShane,L (2677) London 2019} ) 4...Nf6 5.c3 Nc6 6.Nf3 Nh5 7.Bg5 d5 8.Nbd2 h6 9.Bh4 {So far so good for Swiercz— he does not have any problems out of the opening. He might even start thinking about the advantage himself, but there is something that Tang can be happy about-his opponent is out of prep.} 9...cxd4 $146 {A novelty.} ( {Although it made sense to complete his plan of gaining the dark-square bishop, as in the predecessor game:} 9...g5 $5 {[%c_effect g5;square;g5;type;Interesting;persistent;true]} 10.Ne5 ( 10.Bg3 Nxg3 11.hxg3 g4 {is great for Black.} ) 10...cxd4 11.Nxf7 $2 {[%c_effect f7;square;f7;type;Mistake;persistent;true] An unsound sacrifice.} 11...Nf6 12.Nxh8 dxc3 13.Bd3 cxd2+ 14.Kf1 gxh4 15.Bg6+ Ke7 16.Bd3 Ne5 17.Qxd2 Bg7 {0-1 (17) Chval,Z (1949) -Postny,E (2562) Teplice 2022} ) 10.Nxd4 Nf6 11.Bg3 Be7 {Simply proceeding with development.} ( {Somewhat more subtle seems} 11...Nxd4 $5 {[%c_effect d4;square;d4;type;Interesting;persistent;true] with the idea of} 12.exd4 ( {Or} 12.cxd4 Bd7 {followed by Bd7-b5, when Black is doing more than fine.} ) 12...Ba3 ) 12.Be2 O-O 13.O-O Bd7 14.Qc2 {The queen side-steps the opponent's rooks.} ( {In case of preparing c3-c4} 14.Nxc6 Bxc6 15.c4 ( 15.Rc1 $5 {[%c_effect c1;square;c1;type;Interesting;persistent;true]} ) 15...Rad8 {might be awkward for White.} ) 14...Rac8 15.Qb2 Nxd4 {Now Swiercz takes, but Tang has an extra choice.} 16.exd4 $1 {[%c_effect d4;square;d4;type;GreatFind;persistent;true] The correct recapture.} ( {Black is better in the symmetrical position after} 16.cxd4 Bb5 $1 {[%c_effect b5;square;b5;type;GreatFind;persistent;true]} 17.Bxb5 Qxb5 18.Rfc1 ( 18.Rac1 Qe2 ) 18...Qe2 $1 {[%c_effect e2;square;e2;type;GreatFind;persistent;true]} ) 16...Bb5 $1 {[%c_effect b5;square;b5;type;GreatFind;persistent;true] This same idea is good here as well.} 17.Bxb5 Qxb5 18.a4 Qa5 ( {Here too, it made sense to play the subtle} 18...Qd3 $5 {[%c_effect d3;square;d3;type;Interesting;persistent;true] in order to provoke the white rooks to occupy their optimal squares, as in the line} 19.Rac1 Rfd8 20.Rfe1 Qa6 ) 19.Rfc1 {White starts to prepare for queenside expansion. A complicated Carlsbad pawn structure has emerged, in which both sides have something to be happy about. Black-that he's swapped off his light-squared bishop. White-that he's stopped the minority attack with b7-b5 $1} ( 19.b4 $6 {[%c_effect b4;square;b4;type;Inaccuracy;persistent;true] falls for a small provocation, and after} 19...Qa6 {the hole on c4 will start to tell.} ) 19...Rfd8 ( 19...Nh5 $5 {[%c_effect h5;square;h5;type;Interesting;persistent;true]} ) 20.Rc2 {More preparation is needed.} ( {Not yet} 20.c4 Bb4 $1 {[%c_effect b4;square;b4;type;GreatFind;persistent;true]} ) 20...Qa6 21.Rac1 Nh5 ( {The other plausible try was} 21...Ne4 $5 {[%c_effect e4;square;e4;type;Interesting;persistent;true]} 22.Nxe4 dxe4 23.Rd1 f5 {aiming to get the kingside pawns into motion.} ) 22.Be5 Bg5 23.Re1 Nf4 ( {There is not much of a difference after} 23...Bf4 24.Nf3 Bxe5 25.Nxe5 Nf6 ) 24.Bxf4 Bxf4 25.Nf3 Qd3 {Swiercz is sending his queen to the kingside, anticipating an attack, but this might also help White.} ( {Better was} 25...Rd7 26.g3 Bd6 ) 26.h3 Rd7 27.Ne5 Bxe5 28.Rxe5 {White is definitely happier now, since his kingside attack is running more smoothly.} 28...Rdc7 29.Re3 Qf5 ( {A risky, but seemingly sound strategy was to keep the queen active, holding the white pieces back in the line} 29...Qd1+ 30.Kh2 Qf1 $5 {[%c_effect f1;square;f1;type;Interesting;persistent;true]} ) 30.Rce2 a6 31.a5 $1 {[%c_effect a5;square;a5;type;GreatFind;persistent;true] Now that everything is stable on the queenside, Tang can concentrate on his grand plan of a piece attack on the opposite wing. The machine assesses the situation as equal, but the reality is that Black's defense is extremely difficult, especially in the time-trouble that ensues.} 31...Rc6 32.b4 Qf4 33.Rg3 Rd6 34.Ree3 {The black queen is now assisting the opponent's attack.} 34...b6 ( {The silicon defense is} 34...Rdc6 35.Ref3 Qc7 36.Qd2 Kh7 ) 35.Ref3 Qh4 36.Qd2 $1 {[%c_effect d2;square;d2;type;GreatFind;persistent;true] A smart idea, especially in time trouble $1} ( {Even stronger would have been} 36.Qe2 $1 {[%c_effect e2;square;e2;type;GreatFind;persistent;true] with the threat of Qe2-e5, for example} 36...Rdc6 37.Qe5 g6 38.axb6 Rxb6 39.Rf4 {and White is clearly on top.} ) 36...bxa5 37.Rg4 Qh5 38.Qf4 Rd7 {Short of time, Swiercz makes the most obvious move.} ( {And misses the beautiful defensive idea} 38...e5 $3 {[%c_effect e5;square;e5;type;Brilliant;persistent;true]} 39.dxe5 ( 39.Qxe5 Qxe5 40.dxe5 Rdc6 {is no problem at all for Black.} ) 39...Re6 40.bxa5 Rc4 41.Qd2 Qxe5 {with a likely draw.} ) 39.Rfg3 $1 {[%c_effect g3;square;g3;type;GreatFind;persistent;true] Black is in huge trouble $1} 39...f5 ( {If} 39...g6 40.Rh4 Qd1+ 41.Kh2 {and Black's kingside collapses.} ) ( {Whereas} 39...g5 {loses at once to} 40.Rxg5+ $1 {[%c_effect g5;square;g5;type;GreatFind;persistent;true]} ) 40.Rg6 {Time-trouble prevents White from winning instantly.} ( {The beautiful idea} 40.Rh4 $1 {[%c_effect h4;square;h4;type;GreatFind;persistent;true]} 40...Qd1+ 41.Kh2 {and now if} 41...Kf8 {White has the stunning} ( {White's task would be easier after} 41...Kf7 42.Rxg7+ $1 {[%c_effect g7;square;g7;type;GreatFind;persistent;true]} 42...Kxg7 43.Qxh6+ Kf7 44.Qh7+ Ke8 45.Qh8+ Ke7 46.Rh7+ ( {Or the simple} 46.Qxc8 ) 46...Kd6 47.Qe5+ {and wins.} ) 42.Rxh6 $3 {[%c_effect h6;square;h6;type;Brilliant;persistent;true]} 42...gxh6 43.Qxh6+ Ke7 44.Qg7+ Kd8 45.Qe5 $3 {[%c_effect e5;square;e5;type;Brilliant;persistent;true] A gorgeous silent move to crown the attack $1} ) 40...Kh7 {And the same time-trouble prevents Black from finding the study-like defense.} ( {That was} 40...Rxc3 $1 {[%c_effect c3;square;c3;type;GreatFind;persistent;true]} 41.Rxh6 Qd1+ 42.Kh2 Rxg3 43.Rxe6 $1 {[%c_effect e6;square;e6;type;GreatFind;persistent;true]} ( {Not} 43.Qxg3 Qxd4 ) 43...Rc3 44.Qb8+ Kh7 45.Qe8 {It seems as though Black is doomed, but he has} 45...Rc8 $3 {[%c_effect c8;square;c8;type;Brilliant;persistent;true] and if} 46.Qxc8 ( 46.Qxd7 Rf8 {should also be defendable, although White preserves a lot of practical winning chnaces.} ) 46...Qxd4 $1 {[%c_effect d4;square;d4;type;GreatFind;persistent;true]} 47.Qxd7 Qf4+ {with a perpetual.} ) 41.Qe5 Rcc7 42.Rxe6 $1 {[%c_effect e6;square;e6;type;GreatFind;persistent;true] The right capture.} ( {Correctly avoiding} 42.Qxe6 Re7 $1 {[%c_effect e7;square;e7;type;GreatFind;persistent;true]} ) 42...axb4 43.cxb4 Rb7 44.Re8 {The most obvious and straightforward attempt brought Tang a quick victory.} ( {However, from the objective viewpoint, the a la Carlsen complex prophylaxis} 44.Kh2 $3 {[%c_effect h2;square;h2;type;Brilliant;persistent;true] would have been the neatest win.} 44...Rxb4 45.Re7 ) 44...Rxb4 45.Rc3 ( {Here} 45.Re7 Rxe7 46.Qxe7 Qd1+ $1 {[%c_effect d1;square;d1;type;GreatFind;persistent;true] Check $1 That's the point behind the Kg1-h2 idea $1} 47.Kh2 Qxd4 {does not work.} ) 45...Qg6 ( {The last chance to organize a defense was connected with} 45...Rb6 46.Rcc8 Rf7 47.Qxd5 {although here too, Black should not hold.} ) 46.Rcc8 {The attacking phase will be conducted in a spectacular fashion by Tang.} 46...Rb1+ 47.Kh2 Qd6 48.Rh8+ Kg6 {The impression is that Swiercz will manage to escape in the endgame.} 49.Rc6 $3 {[%c_effect c6;square;c6;type;Brilliant;persistent;true] But there will be no endgame at all.} 49...Qxc6 50.Qe8+ {As Rd7-f7 is not possible, the black king needs to flee.} 50...Kg5 ( {Or} 50...Kf6 51.Rf8+ Kg5 52.f4+ Kxf4 53.Qe5+ Kg5 54.Qxf5+ Kh4 55.g3# ) 51.f4+ $1 {[%c_effect f4;square;f4;type;GreatFind;persistent;true] All of this had to have been seen by White in advance.} 51...Kxf4 52.Qe5+ Kg5 53.h4+ $1 {[%c_effect h4;square;h4;type;GreatFind;persistent;true]} 53...Kxh4 ( {And if} 53...Kg4 54.Qg3+ Kh5 55.Qg5# ) 54.Qf4+ Kh5 55.Qxf5+ g5 56.Qh3+ Kg6 57.Rxh6+ 1-0